000
00283nam a22001337a 4500
008
170228b xxu||||| |||| 00| 0 eng d
020
_a
9780531117132
041
_a
eng
080
_a
61
100
_a
4
101
_a
SHM
245
_a
MAPPING EPIDEMIOLOGY
_c
HOFF, B
942
_2
udc
_c
BK
999
_c
6440
_d
6440